NLSUI OPAC header image

Commercial Arbitration (Record no. 23702)

MARC details
000 -LEADER
fixed length control field 02163nam a2200229Ia 4500
003 - CONTROL NUMBER IDENTIFIER
control field OSt
005 - DATE AND TIME OF LATEST TRANSACTION
control field 20210101112108.0
008 - FIXED-LENGTH DATA ELEMENTS--GENERAL INFORMATION
fixed length control field 160316s2001 xxu||||| |||| 00| 0 eng d
020 ## - INTERNATIONAL STANDARD BOOK NUMBER
International Standard Book Number 9780406925343
040 ## - CATALOGING SOURCE
Transcribing agency nls
082 ## - DEWEY DECIMAL CLASSIFICATION NUMBER
Classification number 341.522000
Item number MUS
100 ## - MAIN ENTRY--PERSONAL NAME
Personal name Mustill Lord
245 ## - TITLE STATEMENT
Title Commercial Arbitration
250 ## - EDITION STATEMENT
Edition statement 2nd
260 ## - PUBLICATION, DISTRIBUTION, ETC.
Place of publication, distribution, etc. London
Name of publisher, distributor, etc. Butterworths
Date of publication, distribution, etc. 2001
300 ## - PHYSICAL DESCRIPTION
Extent 597p
Dimensions xvv
365 ## - TRADE PRICE
Price amount Rs.12,012
505 ## - FORMATTED CONTENTS NOTE
Formatted contents note Table of contents<br/>Preface; <br/>Table of Statutes; <br/>Table of Cases; <br/>Part I A Survey of the 1996 Act; <br/>A Introduction; <br/>B The origins of the 1996 Act; <br/>C The Characteristics of the Act; <br/>D The application of the Act; <br/>E Essence of the Act; <br/>F Other Changes in the Law; <br/>G Public Policy: Arbitration and the state; <br/>H The 1996Act: its nature and interpretation; <br/>I Other general questions; <br/>Part II Noter-up to the Second edition; Introduction; <br/>Part 1 Preliminary; <br/>Part 2 The agreement to arbitrate; <br/>Part 3 beginning an arbitration; <br/>Part 4 The arbitration; <br/>Part 5 The conduct of the reference; <br/>Part 6 The award; Part 6 Problems and remedies; Appendices; <br/>Part III A Commentary on the 1996 Act; Introduction; <br/>Part 1 Arbitration pursuant to an arbitration agreement; <br/>The arbitration agreement; <br/>Stay of legal proceedings; <br/>Commencement of arbitral proceedings; <br/>The arbitral tribunal; <br/>Jurisdiction of the arbitral tribunal; <br/>The arbitral proceedings; <br/>Powers of court in relation to arbitral proceedings; <br/>The award; <br/>Cost of the arbitration; <br/>Powers of the court in relation to award; <br/>Miscellaneous; <br/>Supplementary; <br/>Part 2 Other provisions relating to arbitration; <br/>Domestic arbitration agreements; <br/>Consumer arbitration agreements; <br/>Small claims in the county court; <br/>Appointment of judges as arbitrators; <br/>Statutory arbitrations; <br/>Part 3 Recognition and enforcement of certain foreign awards; <br/>Enforcement of Geneva convention awards; <br/>Recognition and enforcement of New York convention awards; <br/>Part 4 General principles; <br/>Appendices<br/><br/>
650 ## - SUBJECT ADDED ENTRY--TOPICAL TERM
Topical term or geographic name entry element 1.Arbitration - Commercial - U K 2.Commercial Arbitration - U K
700 ## - ADDED ENTRY--PERSONAL NAME
Personal name Boyd Stewart C
--
942 ## - ADDED ENTRY ELEMENTS (KOHA)
Source of classification or shelving scheme Dewey Decimal Classification
Koha item type BOOKs
Holdings
Withdrawn status Lost status Damaged status Not for loan Home library Current library Shelving location Date acquired Cost, normal purchase price Total Checkouts Full call number Barcode Date last seen Price effective from Koha item type Public note
        NLS NLS NAB Compactor 30/05/2017 12012.00   341.522 MUS 21533 30/05/2017 30/05/2017 BOOKs Kept in the NAB Compactor